000 00421cam a22001457a 4500
008 180718b2003 xxu||||| |||| 00| 0 eng d
020 _a817022957X
082 _aWx54 V191
245 _aGeography of transport development in India
_cedited by B.C. Vaidya
260 _aNew Delhi
_bConcept
_c2003
300 _a465p.
650 _aUrban transportation - India
650 _aTransportation - India
700 _aVaidya, B.C.
999 _c403730
_d403730